[Event "XXVIII Festival A"]
[Site "Arco ITA"]
[Date "2006.10.25"]
[Round "5"]
[White "Isonzo, David"]
[Black "Geske, Julian"]
[Result "1-0"]
[WhiteElo "2345"]
[BlackElo "2148"]
[PlyCount "79"]
[EventDate "2006.10.21"]

1. e4 d5 2. exd5 Qxd5 3. Nc3 Qa5 4. d4 Nf6 5. Nf3 Ne4 6. Bd3 Nxc3 7. bxc3 g6 8.
O-O Bg7 9. Re1 O-O 10. Rxe7 Nc6 11. Re1 Qxc3 12. Bd2 Qa3 13. Rb1 Qd6 14. c3 b6
15. Ng5 Bb7 16. Qg4 h6 17. Ne4 Qd8 18. Qh3 Bc8 19. Qf3 Bf5 20. Rb5 Ne7 21. g4
Bxe4 22. Bxe4 Rc8 23. Qh3 c6 24. Rb3 Kh7 25. g5 Ng8 26. Rbb1 c5 27. d5 f5 28.
Bg2 h5 29. Re6 Re8 30. Rbe1 Rxe6 31. Rxe6 Qd7 32. Bf3 Ne7 33. c4 b5 34. Bf4 Bd4
35. Bd6 Re8 36. Bxh5 gxh5 37. Qxh5+ Kg8 38. g6 Bg7 39. Qh7+ Kf8 40. Rf6+ 1-0

[Event "XXVIII Festival A"]
[Site "Arco ITA"]
[Date "2006.10.25"]
[Round "5"]
[White "Kern, Beat"]
[Black "Marson, Antonio"]
[Result "1/2-1/2"]
[WhiteElo "1733"]
[BlackElo "1864"]
[PlyCount "33"]
[EventDate "2006.10.21"]

1. Nf3 d5 2. d4 c6 3. e3 h6 4. Be2 Bf5 5. O-O e6 6. h3 Nf6 7. c4 dxc4 8. Bxc4
Be7 9. b3 Nbd7 10. Bb2 O-O 11. Qe2 Ne4 12. Nbd2 Ndf6 13. Nxe4 Nxe4 14. Bd3 Bh7
15. Nd2 Nxd2 16. Bxh7+ Kxh7 17. Qxd2 1/2-1/2

[Event "XXVIII Festival A"]
[Site "Arco ITA"]
[Date "2006.10.25"]
[Round "5"]
[White "La Malfa, Stelio"]
[Black "Kranebitter, Gerhard"]
[Result "0-1"]
[WhiteElo "1879"]
[BlackElo "2091"]
[PlyCount "118"]
[EventDate "2006.10.21"]

1. e4 e6 2. d4 d5 3. e5 c5 4. c3 Nc6 5. Nf3 Qb6 6. a3 cxd4 7. cxd4 Nge7 8. Bd3
Nf5 9. Bxf5 exf5 10. Nc3 Be6 11. O-O Be7 12. b4 Qd8 13. Be3 O-O 14. Rc1 Rc8 15.
Qd2 Qd7 16. Ne2 Nb8 17. Nf4 b5 18. Qd3 Rc4 19. Nd2 g5 20. Nh5 Rxc1 21. Rxc1 f4
22. Nf6+ Bxf6 23. exf6 Bf5 24. Qc3 fxe3 25. Qxe3 h6 26. h4 Qe6 27. Qg3 Qxf6 28.
Nf3 g4 29. Ne5 Qe6 30. Rc7 f6 31. Nd3 Nc6 32. Kh2 Bxd3 33. Qxd3 Qd6+ 34. Qg3
Qxg3+ 35. Kxg3 Nxd4 36. Rxa7 Rd8 37. Kxg4 Nc6 38. Rc7 Ne5+ 39. Kf5 Rd7 40. Rc5
d4 41. Rc1 Kf7 42. Rd1 d3 43. f4 Nc4 44. Ke4 f5+ 45. Kf3 h5 46. g3 Nxa3 47. Ke3
Nc4+ 48. Kf3 Rd4 49. Kf2 Ke6 50. Kf3 Kd5 51. Kf2 d2 52. Ke2 Ke4 53. g4 fxg4 54.
f5 Kxf5 55. Rf1+ Ke4 56. Rd1 g3 57. Rg1 d1=Q+ 58. Rxd1 Rxd1 59. Kxd1 Kf3 0-1

[Event "XXVIII Festival A"]
[Site "Arco ITA"]
[Date "2006.10.25"]
[Round "5"]
[White "La Manna, Francesco"]
[Black "Luciani, Carlo"]
[Result "0-1"]
[WhiteElo "2119"]
[BlackElo "2236"]
[PlyCount "82"]
[EventDate "2006.10.21"]

1. d4 c5 2. d5 Nf6 3. c4 d6 4. Nc3 g6 5. e4 Bg7 6. Bd3 O-O 7. Nge2 e6 8. O-O
exd5 9. cxd5 Na6 10. f3 Nc7 11. Be3 Rb8 12. Rb1 Bd7 13. Qd2 b5 14. b4 cxb4 15.
Rxb4 a5 16. Rbb1 b4 17. Nd1 Nb5 18. Bxb5 Bxb5 19. Nb2 Nd7 20. Rfc1 Bxe2 21.
Qxe2 f5 22. Qa6 fxe4 23. fxe4 Qh4 24. Nc4 Qxe4 25. Qxd6 Ne5 26. Qe6+ Kh8 27.
Bc5 Rfe8 28. Nd6 Rxe6 29. Nxe4 Ra6 30. Bd6 Rba8 31. Rc7 Ng4 32. Rf1 Bd4+ 33.
Kh1 Re8 34. h3 Nf2+ 35. Rxf2 Bxf2 36. Nf6 Re1+ 37. Kh2 Ra7 38. Rxa7 Bg1+ 39.
Kg3 Bxa7 40. Bc7 Bd4 41. Ng4 h5 0-1

[Event "XXVIII Festival A"]
[Site "Arco ITA"]
[Date "2006.10.25"]
[Round "5"]
[White "Luciani, Valerio"]
[Black "Tomassoni, Leonardo"]
[Result "1-0"]
[WhiteElo "2229"]
[BlackElo "2020"]
[PlyCount "55"]
[EventDate "2006.10.21"]

1. c4 Nf6 2. Nc3 c5 3. g3 g6 4. Bg2 a6 5. Nf3 Bg7 6. d4 cxd4 7. Nxd4 Qc7 8. b3
Nc6 9. Bb2 e5 10. Nc2 O-O 11. O-O d6 12. Ne3 Be6 13. Rc1 Ne7 14. Qd2 Rfd8 15.
Rfd1 Bf8 16. Ncd5 Bxd5 17. cxd5 Qd7 18. Nc4 Qf5 19. Nb6 Rab8 20. h3 Nd7 21. Nc4
Nc8 22. f4 b5 23. Na5 Re8 24. Rc7 Nc5 25. fxe5 Rxe5 26. Rf1 Qh5 27. Bxe5 Qxe5
28. Nc6 1-0

[Event "XXVIII Festival A"]
[Site "Arco ITA"]
[Date "2006.10.25"]
[Round "5"]
[White "Mihajlova, Diana"]
[Black "Carlozzi, Giovanni"]
[Result "0-1"]
[WhiteElo "1749"]
[BlackElo "1789"]
[PlyCount "128"]
[EventDate "2006.10.21"]

1. e4 c5 2. Nf3 Nc6 3. d4 cxd4 4. Nxd4 Nf6 5. Nc3 e5 6. Ndb5 d6 7. Nd5 Nxd5 8.
exd5 Ne7 9. c4 a6 10. Nc3 Nf5 11. Be2 Be7 12. O-O O-O 13. Ne4 Nd4 14. Bd3 f5
15. Ng3 f4 16. Ne2 f3 17. Nxd4 fxg2 18. Kxg2 Bg5 19. Bxh7+ Kxh7 20. Qh5+ Bh6
21. Ne6 Bxe6 22. dxe6 Qf6 23. Bxh6 gxh6 24. Kh1 Qxe6 25. Qe2 Rf4 26. b3 Raf8
27. Rad1 R8f6 28. f3 Qf5 29. Rg1 Rxf3 30. Qg2 Rg6 31. Qxg6+ Qxg6 32. Rxg6 Kxg6
33. Rxd6+ Kf5 34. Rxh6 e4 35. Kg2 Rd3 36. Rh5+ Kf4 37. Rh7 Rd2+ 38. Kf1 Ke3 39.
Rh3+ Kd4 40. Rh4 Rxa2 41. h3 Kd3 42. Rg4 e3 43. Rg3 Ra1+ 44. Kg2 Kd2 45. Kf3
Rf1+ 46. Ke4 e2 47. Rd3+ Kc2 48. Re3 e1=Q 49. Rxe1 Rxe1+ 50. Kf4 Kxb3 51. h4
Kxc4 52. h5 Kd5 53. h6 Rf1+ 54. Kg5 Ke5 55. Kg6 Rh1 56. Kg5 a5 57. Kg6 Rxh6+
58. Kxh6 a4 59. Kg5 a3 60. Kg4 a2 61. Kf3 a1=Q 62. Ke3 Qa3+ 63. Kd2 Kd4 64. Ke1
Qa2 0-1

[Event "XXVIII Festival A"]
[Site "Arco ITA"]
[Date "2006.10.25"]
[Round "5"]
[White "Mora, Massimo"]
[Black "Mercandelli, Claudio"]
[Result "1/2-1/2"]
[WhiteElo "1847"]
[BlackElo "2020"]
[PlyCount "65"]
[EventDate "2006.10.21"]

1. Nf3 Nf6 2. c4 g6 3. Nc3 Bg7 4. e4 d6 5. d4 O-O 6. Be2 e5 7. Be3 h6 8. dxe5
dxe5 9. O-O Qe7 10. Nd2 c6 11. a3 Rd8 12. b4 b6 13. Qc2 Bb7 14. c5 b5 15. Rfd1
Nbd7 16. a4 a6 17. axb5 axb5 18. Nb3 Nf8 19. Rxa8 Bxa8 20. Rd3 Rxd3 21. Qxd3
Ne8 22. Bg4 Nf6 23. Bd1 Qd7 24. Qxd7 N8xd7 25. f3 Kf8 26. Kf2 Ke7 27. Na5 Ne8
28. Bc2 Nc7 29. Nb3 Ne6 30. Ne2 Nb8 31. Bd2 Bb7 32. Bc3 f6 33. g3 1/2-1/2

[Event "XXVIII Festival A"]
[Site "Arco ITA"]
[Date "2006.10.25"]
[Round "5"]
[White "Niccoli, Paolo"]
[Black "Moratto, Davide"]
[Result "1-0"]
[WhiteElo "1994"]
[BlackElo "1831"]
[PlyCount "35"]
[EventDate "2006.10.21"]

1. e4 c5 2. Nf3 d6 3. d4 cxd4 4. Nxd4 Nf6 5. Nc3 a6 6. Bg5 e6 7. f4 Nc6 8. Qd2
Be7 9. O-O-O h6 10. Bxf6 Bxf6 11. Nxc6 bxc6 12. Qxd6 Qxd6 13. Rxd6 Bd7 14. e5
Be7 15. Rd3 f5 16. Be2 Rd8 17. Rhd1 Bc8 18. Bh5+ 1-0

[Event "XXVIII Festival A"]
[Site "Arco ITA"]
[Date "2006.10.25"]
[Round "5"]
[White "Pedrotti, Luciano"]
[Black "Idili, Leonardo"]
[Result "1/2-1/2"]
[WhiteElo "1902"]
[BlackElo "1710"]
[PlyCount "120"]
[EventDate "2006.10.21"]

1. e4 c5 2. Nf3 Nc6 3. d4 cxd4 4. Nxd4 g6 5. Nc3 Bg7 6. Nb3 Bxc3+ 7. bxc3 Nf6
8. Bd3 d5 9. exd5 Qxd5 10. O-O O-O 11. Bb2 Qg5 12. c4 Qg4 13. f3 Be6 14. Qe2
Nh5 15. Kh1 Qh4 16. Qe1 Qxe1 17. Rfxe1 Rac8 18. Nc5 Nf4 19. Nxe6 Nxe6 20. Ba3
Rfe8 21. Rab1 Na5 22. Re4 b6 23. Rbe1 Rc7 24. h4 h5 25. g4 hxg4 26. fxg4 Nc5
27. Bxc5 bxc5 28. Re5 Kg7 29. Kg2 f6 30. Re6 Nc6 31. c3 Nd8 32. Ra6 Nf7 33. h5
gxh5 34. gxh5 Nh8 35. h6+ Kxh6 36. Rxf6+ exf6 37. Rxe8 Kg7 38. Be4 Nf7 39. Bd5
Nd6 40. Rb8 Kh6 41. Kf3 Kg5 42. Rg8+ Kf5 43. Rd8 Ke5 44. Rh8 Rg7 45. Rh5+ Rg5
46. Rh7 Rf5+ 47. Ke3 Rf4 48. Re7+ Kf5 49. Be6+ Kg5 50. Rg7+ Kh6 51. Kxf4 Kxg7
52. Bd5 Kg6 53. Be6 Kg7 54. a3 Kg6 55. Ke3 Kg5 56. Kf3 Kg6 57. Bd5 Kf5 58. Bg8
Kg6 59. Kf4 Kg7 60. Bd5 Kg6 1/2-1/2

[Event "XXVIII Festival A"]
[Site "Arco ITA"]
[Date "2006.10.25"]
[Round "5"]
[White "Pichler, Klaus"]
[Black "Pipitone, Antonio"]
[Result "1/2-1/2"]
[WhiteElo "1596"]
[BlackElo "1978"]
[PlyCount "47"]
[EventDate "2006.10.21"]

1. f4 d5 2. Nf3 Nf6 3. e3 Bg4 4. Be2 Nc6 5. h3 Bxf3 6. Bxf3 e5 7. fxe5 Nxe5 8.
d3 Bd6 9. Nc3 c6 10. O-O O-O 11. e4 d4 12. Nb1 Ng6 13. g4 Qe7 14. Qe1 Qe5 15.
Qf2 h6 16. Bd1 Nh7 17. h4 f6 18. h5 Ng5 19. Kh1 Nh3 20. Qg2 Ngf4 21. Qh2 c5 22.
Nd2 b5 23. Nf3 Qe7 24. Ng1 1/2-1/2

[Event "XXVIII Festival A"]
[Site "Arco ITA"]
[Date "2006.10.25"]
[Round "5"]
[White "Pivovarov, Michail"]
[Black "Diotallevi, Maurizio"]
[Result "1/2-1/2"]
[WhiteElo "1891"]
[BlackElo "2154"]
[PlyCount "42"]
[EventDate "2006.10.21"]

1. Nf3 d5 2. g3 Bg4 3. Bg2 Nd7 4. d4 c6 5. O-O Ngf6 6. c4 e6 7. Nc3 Be7 8. Re1
O-O 9. b3 Qa5 10. c5 Bf5 11. Nh4 Ne4 12. Nxf5 exf5 13. Bb2 Bf6 14. Rb1 Rfe8 15.
e3 g6 16. Ne2 Bg7 17. Nf4 Ndf6 18. Nd3 Nd7 19. Nf4 Ndf6 20. Nh3 Nd7 21. Nf4
Ndf6 1/2-1/2

[Event "XXVIII Festival A"]
[Site "Arco ITA"]
[Date "2006.10.25"]
[Round "5"]
[White "Prakken, Gerrit"]
[Black "Knors, Rudi"]
[Result "1/2-1/2"]
[WhiteElo "2180"]
[BlackElo "2071"]
[PlyCount "26"]
[EventDate "2006.10.21"]

1. d4 d5 2. c4 c6 3. Nc3 e5 4. e3 e4 5. Qb3 Nf6 6. Nh3 Bd6 7. Bd2 dxc4 8. Bxc4
O-O 9. Ng5 Qe7 10. Qc2 b5 11. Be2 Bf5 12. a3 h6 13. Nh3 Qe6 1/2-1/2

[Event "XXVIII Festival A"]
[Site "Arco ITA"]
[Date "2006.10.25"]
[Round "5"]
[White "Rossi, Paolo"]
[Black "Pieri, Enzo"]
[Result "1/2-1/2"]
[WhiteElo "1790"]
[BlackElo "1931"]
[PlyCount "79"]
[EventDate "2006.10.21"]

1. e4 c5 2. Nf3 d6 3. d4 cxd4 4. Nxd4 Nf6 5. Nc3 a6 6. Be2 e6 7. Be3 Be7 8. f4
h6 9. Qd2 Bd7 10. O-O-O Nc6 11. g4 Nxd4 12. Bxd4 e5 13. fxe5 dxe5 14. Bxe5 Nxg4
15. Bxg4 Bxg4 16. Qxd8+ Rxd8 17. Rxd8+ Kxd8 18. Bxg7 Bg5+ 19. Kb1 Re8 20. Rf1
Be6 21. Bf6+ Kc7 22. Bxg5 hxg5 23. b3 Rh8 24. Rf2 Kd6 25. Ne2 Ke5 26. Ng3 Kd4
27. Kc1 Ke3 28. Re2+ Kf3 29. c4 Rd8 30. Rd2 Rxd2 31. Kxd2 Kg2 32. Ke3 Kxh2 33.
Kf3 Kh3 34. e5 Bg4+ 35. Kf2 Bd1 36. Ne4 Kg4 37. Nd6 Kf4 38. Nxf7 Kf5 39. Nd6+
Kxe5 40. Nxb7 1/2-1/2

[Event "XXVIII Festival A"]
[Site "Arco ITA"]
[Date "2006.10.25"]
[Round "5"]
[White "Salvador, Roland"]
[Black "Vezzosi, Paolo"]
[Result "1-0"]
[WhiteElo "2455"]
[BlackElo "2311"]
[PlyCount "59"]
[EventDate "2006.10.21"]

1. d4 Nf6 2. Nf3 g6 3. Nc3 Bg7 4. e4 d6 5. Be3 O-O 6. Qd2 c6 7. a4 Qa5 8. h3
Nbd7 9. Bd3 e5 10. O-O Re8 11. Bh6 Nf8 12. Rae1 Qb4 13. Bxg7 Kxg7 14. dxe5 dxe5
15. Qc1 Nh5 16. Ne2 Qxa4 17. g4 Nf6 18. Ng3 Qb4 19. Kg2 Qc5 20. Nh4 Ne6 21. Ne2
h5 22. Nf5+ gxf5 23. gxf5 Nf4+ 24. Nxf4 exf4 25. Qxf4 Rg8 26. Kh2 Kf8 27. e5
Nd5 28. Qh6+ Ke7 29. c4 Bxf5 30. Bxf5 1-0

[Event "XXVIII Festival A"]
[Site "Arco ITA"]
[Date "2006.10.25"]
[Round "5"]
[White "Samarian, Cornel"]
[Black "Moro, Roberto"]
[Result "0-1"]
[WhiteElo "1937"]
[BlackElo "1670"]
[PlyCount "68"]
[EventDate "2006.10.21"]

1. c4 Nf6 2. g3 g6 3. Bg2 Bg7 4. Nc3 d6 5. d4 O-O 6. Nf3 Nc6 7. d5 Nb4 8. a3
Na6 9. O-O Bf5 10. Nd2 Qd7 11. e4 Bh3 12. Re1 Bxg2 13. Kxg2 h5 14. h3 e5 15.
Nf1 Nh7 16. Nh2 f5 17. f3 Qf7 18. Rf1 f4 19. g4 Bf6 20. Bd2 Bh4 21. Be1 Bg3 22.
Ne2 Bxh2 23. Kxh2 hxg4 24. Ng1 g3+ 25. Kh1 Qe7 26. Qe2 Qh4 27. Rc1 Ng5 28. Qg2
Kg7 29. Rc2 Rh8 30. b4 Rh7 31. c5 Rah8 32. Bc3 Nxh3 33. Nxh3 Qxh3+ 34. Qxh3
Rxh3+ 0-1

[Event "XXVIII Festival A"]
[Site "Arco ITA"]
[Date "2006.10.25"]
[Round "5"]
[White "Savarese, Vincenzo"]
[Black "Cottarelli, Franco"]
[Result "1/2-1/2"]
[WhiteElo "1865"]
[BlackElo "1958"]
[PlyCount "48"]
[EventDate "2006.10.21"]

1. e4 c6 2. d4 d5 3. exd5 cxd5 4. Bd3 Nc6 5. c3 Nf6 6. Bf4 g6 7. Qc2 Bg7 8. h3
Bd7 9. Nf3 Rc8 10. a3 Qb6 11. O-O O-O 12. Nbd2 Nh5 13. Be3 f5 14. Ne5 Nb8 15.
Bg5 Nf6 16. Ndf3 Bb5 17. c4 dxc4 18. Nxc4 Qc7 19. Rac1 Kh8 20. Qb3 Bxc4 21.
Bxc4 Qd6 22. Ne5 Nc6 23. Bf4 Qxd4 24. Nxc6 Rxc6 1/2-1/2

[Event "XXVIII Festival A"]
[Site "Arco ITA"]
[Date "2006.10.25"]
[Round "5"]
[White "Schaefer, Michael"]
[Black "Poletti, Fausto"]
[Result "1-0"]
[WhiteElo "2199"]
[BlackElo "2053"]
[PlyCount "81"]
[EventDate "2006.10.21"]

1. d4 Nf6 2. c4 g6 3. Nc3 Bg7 4. Nf3 d6 5. Bf4 O-O 6. h3 Na6 7. e3 c5 8. Be2
Bd7 9. O-O Nc7 10. Bh2 a6 11. a4 b6 12. Qd2 Rb8 13. Rfe1 Ne6 14. Bf1 Ne8 15. d5
N6c7 16. e4 f6 17. Rad1 b5 18. b3 Rb7 19. Qc2 Rb8 20. Rb1 Bh6 21. axb5 axb5 22.
b4 cxb4 23. Rxb4 Na6 24. Rxb5 Bxb5 25. cxb5 Nc5 26. Nd4 Nc7 27. Nc6 Qe8 28. Rb1
Rb6 29. Na4 Nxa4 30. Qxa4 Rb7 31. Bd3 Qd7 32. Qd4 Ra8 33. f4 Bg7 34. f5 Kf7 35.
Bf4 Ra2 36. Qc4 Ra8 37. b6 Ne8 38. Be3 Kg8 39. Qc3 Bf8 40. Ra1 Rxa1+ 41. Qxa1
1-0

[Event "XXVIII Festival A"]
[Site "Arco ITA"]
[Date "2006.10.25"]
[Round "5"]
[White "Stolfa, Rodolfo"]
[Black "De Napoli, Giuseppe"]
[Result "0-1"]
[WhiteElo "1754"]
[BlackElo "2032"]
[PlyCount "130"]
[EventDate "2006.10.21"]

1. d4 Nf6 2. c4 g6 3. Nc3 Bg7 4. e4 d6 5. Nf3 O-O 6. Be2 e5 7. dxe5 dxe5 8.
Qxd8 Rxd8 9. Bg5 Re8 10. Nd5 Nxd5 11. cxd5 c6 12. Bc4 cxd5 13. Bxd5 Nc6 14. O-O
Be6 15. Rfd1 Bxd5 16. exd5 Nd8 17. Rac1 f6 18. Be3 Bf8 19. Bc5 Bxc5 20. Rxc5
Nf7 21. d6 Rac8 22. Rcd5 Rc2 23. Rb5 Nxd6 24. Rbd5 Ne4 25. Nd2 Rxd2 26. R5xd2
Nxd2 27. Rxd2 Rc8 28. Kf1 Rc7 29. Ke2 Kf7 30. Ke3 Ke6 31. f4 exf4+ 32. Kxf4 g5+
33. Kf3 h5 34. Re2+ Kf5 35. Rd2 a6 36. Rd5+ Ke6 37. Rd2 b5 38. Re2+ Kf5 39. Rd2
Rc5 40. Ke3 Re5+ 41. Kf3 a5 42. Rd6 Rc5 43. Rd2 a4 44. a3 Ke5 45. Re2+ Kd6 46.
g4 hxg4+ 47. Kxg4 Rc4+ 48. Kf3 Kd5 49. Rd2+ Kc5 50. Ke3 Rf4 51. Rc2+ Kd5 52.
Kd3 Rf3+ 53. Ke2 Rh3 54. Kf1 f5 55. Kg2 g4 56. Rf2 Ke4 57. Rc2 Re3 58. Kf2 f4
59. Rc5 Rb3 60. Rc2 Rh3 61. Kg1 Re3 62. Rc5 Re2 63. Rxb5 Kf3 64. Kf1 Rxh2 65.
Ke1 g3 0-1

[Event "XXVIII Festival A"]
[Site "Arco ITA"]
[Date "2006.10.25"]
[Round "5"]
[White "Teske, Henrik"]
[Black "Shaw, John Kerr"]
[Result "1/2-1/2"]
[WhiteElo "2514"]
[BlackElo "2473"]
[PlyCount "29"]
[EventDate "2006.10.21"]

1. Nf3 d5 2. c4 c6 3. e3 Nf6 4. Nc3 Bg4 5. b3 e6 6. Bb2 Nbd7 7. Be2 Bd6 8. O-O
O-O 9. Rc1 a6 10. d4 Qe7 11. Nd2 Bxe2 12. Qxe2 Rad8 13. Rfe1 Rfe8 14. e4 dxe4
15. Ndxe4 1/2-1/2

[Event "XXVIII Festival A"]
[Site "Arco ITA"]
[Date "2006.10.25"]
[Round "5"]
[White "Tocco, Paolo"]
[Black "Perryman, Marcus"]
[Result "1-0"]
[WhiteElo "2141"]
[BlackElo "1990"]
[PlyCount "71"]
[EventDate "2006.10.21"]

1. d4 d5 2. e4 dxe4 3. Nc3 Nf6 4. f3 exf3 5. Nxf3 Bg4 6. h3 Bh5 7. g4 Bg6 8.
Ne5 Nbd7 9. Nxg6 hxg6 10. Qf3 c6 11. g5 Nd5 12. Nxd5 cxd5 13. Qxd5 Qc7 14. Be3
e6 15. Qg2 Bd6 16. O-O-O O-O-O 17. Qf3 Nb6 18. Kb1 Nd5 19. Bc1 Nb4 20. Qb3 Qc6
21. Rg1 Qd5 22. Qa4 Qc6 23. Bb5 Qb6 24. a3 Nc6 25. Rd3 Kb8 26. Rf1 Rhf8 27. d5
exd5 28. Rxd5 Ne5 29. Re1 a6 30. Bf1 Qf2 31. Red1 Bc7 32. Rxd8+ Rxd8 33. Rxd8+
Bxd8 34. Qe8 Nc6 35. Bxa6 Kc7 36. Bc4 1-0

[Event "XXVIII Festival A"]
[Site "Arco ITA"]
[Date "2006.10.25"]
[Round "5"]
[White "Trauth, Michael"]
[Black "Blasco, Domenico"]
[Result "1-0"]
[WhiteElo "2153"]
[BlackElo "1992"]
[PlyCount "111"]
[EventDate "2006.10.21"]

1. c4 c5 2. Nf3 Nf6 3. g3 b6 4. Bg2 Bb7 5. O-O e6 6. b3 Be7 7. Bb2 O-O 8. Nc3
d5 9. e3 dxc4 10. bxc4 Qc8 11. Qe2 Nc6 12. Rfd1 Rd8 13. d3 Na5 14. Rab1 Bc6 15.
Ne1 Bxg2 16. Kxg2 Rd7 17. f4 Qb7+ 18. Kg1 Rad8 19. g4 Nc6 20. g5 Ne8 21. Ne4 f5
22. Ng3 Bf8 23. Nf3 g6 24. d4 Bg7 25. Ne5 Bxe5 26. dxe5 Rxd1+ 27. Rxd1 Rxd1+
28. Qxd1 Kf7 29. Bc3 Ke7 30. Ne2 Qd7 31. Qxd7+ Kxd7 32. Nc1 Nc7 33. Nd3 Na6 34.
a3 Ne7 35. Kf2 Kc6 36. a4 Nc7 37. Ke2 a6 38. Nb2 b5 39. axb5+ axb5 40. Kd3 b4
41. Bd2 Kb6 42. Na4+ Kc6 43. Kc2 Nc8 44. Kb3 Nb6 45. Nb2 Nc8 46. Nd3 Ne7 47.
Nxc5 Kxc5 48. Bxb4+ Kc6 49. Bxe7 Na8 50. Bd8 Kc5 51. Kc3 Kc6 52. Kb4 Kd7 53.
Ba5 Kc6 54. h3 Kb7 55. Kb5 Ka7 56. Kc6 1-0

[Event "XXVIII Festival A"]
[Site "Arco ITA"]
[Date "2006.10.25"]
[Round "5"]
[White "Valenti, Giuseppe"]
[Black "Perich, Stefano"]
[Result "1-0"]
[WhiteElo "2252"]
[BlackElo "1998"]
[PlyCount "55"]
[EventDate "2006.10.21"]

1. e4 e6 2. d4 d5 3. Nd2 Nf6 4. e5 Nfd7 5. Bd3 c5 6. c3 Nc6 7. Ne2 Qb6 8. Nf3
f6 9. exf6 Nxf6 10. O-O Bd6 11. a3 a5 12. Rb1 a4 13. Bc2 Qa7 14. Bf4 Be7 15.
dxc5 Bxc5 16. Ned4 Bxd4 17. cxd4 Bd7 18. Bd6 Ne4 19. Bxe4 dxe4 20. Ne5 Nxe5 21.
dxe5 h5 22. Qc1 Bb5 23. Qg5 b6 24. Rfc1 Qf7 25. Rc7 Bd7 26. Rbc1 Rh6 27. Rxd7
Qxd7 28. Rc7 1-0

[Event "XXVIII Festival A"]
[Site "Arco ITA"]
[Date "2006.10.25"]
[Round "5"]
[White "Vink, Wim"]
[Black "De Santis, Alessio"]
[Result "1/2-1/2"]
[WhiteElo "2118"]
[BlackElo "2337"]
[PlyCount "87"]
[EventDate "2006.10.21"]

1. e4 c5 2. Nf3 e6 3. d4 cxd4 4. Nxd4 a6 5. Nc3 Qc7 6. a3 Nf6 7. Bd3 Bc5 8. Nb3
Ba7 9. Qe2 Nc6 10. Be3 Ne5 11. Bxa7 Rxa7 12. h3 O-O 13. O-O Nxd3 14. Qxd3 b5
15. Rad1 Bb7 16. Rfe1 d5 17. Qd4 Raa8 18. Nc5 e5 19. Qb4 d4 20. Nb1 Rac8 21.
Nxb7 Qxb7 22. c3 Rc4 23. Qd6 Re8 24. Nd2 Rc6 25. Qb4 dxc3 26. bxc3 Qc7 27. a4
bxa4 28. Qxa4 Ra8 29. Nb1 Rc4 30. Qc2 a5 31. Rc1 Rc8 32. Re3 Ne8 33. Na3 Rc5
34. c4 g6 35. Rc3 Nd6 36. g4 Kg7 37. Kg2 Qb7 38. f3 Qe7 39. Rd1 Qc7 40. Rc1 h6
41. Kh2 Qe7 42. Rd1 Qc7 43. Rc1 Qe7 44. Rd1 1/2-1/2

[Event "XXVIII Festival A"]
[Site "Arco ITA"]
[Date "2006.10.25"]
[Round "5"]
[White "Visser, Eddy"]
[Black "Vuelban, Virgilio"]
[Result "1/2-1/2"]
[WhiteElo "2140"]
[BlackElo "2341"]
[PlyCount "92"]
[EventDate "2006.10.21"]

1. e4 c5 2. Nf3 Nc6 3. Bb5 e6 4. O-O Nge7 5. Re1 g6 6. Bf1 d5 7. exd5 Nxd5 8.
d4 cxd4 9. Nxd4 Be7 10. Nxc6 bxc6 11. c4 Nf6 12. Qxd8+ Bxd8 13. Bf4 Bb7 14. Nd2
Ba5 15. Red1 O-O-O 16. Nb3 Bc7 17. Bxc7 Kxc7 18. c5 Nd5 19. a3 e5 20. Na5 Nf4
21. Bc4 f6 22. g3 Nd5 23. Be2 h5 24. h4 g5 25. hxg5 fxg5 26. Nc4 h4 27. Bg4
hxg3 28. fxg3 Bc8 29. Bxc8 Rxc8 30. Kg2 a5 31. Re1 Rh7 32. Nxe5 Rch8 33. Ng4
Rb8 34. Re2 Rb5 35. Rc1 Rb7 36. Rb1 Rb5 37. Rc1 Rg7 38. Rcc2 Rb3 39. Rf2 Re7
40. Rfe2 Rf7 41. Rf2 Re7 42. Rfe2 Rf7 43. Rf2 Rg7 44. Rf3 Rb7 45. Nf6 g4 46.
Nxd5+ 46... cxd5 {...} 1/2-1/2

[Event "XXVIII Festival A"]
[Site "Arco ITA"]
[Date "2006.10.25"]
[Round "5"]
[White "Weinberg, Emanuele"]
[Black "Loi, Andrea"]
[Result "1-0"]
[WhiteElo "1956"]
[BlackElo "2069"]
[PlyCount "79"]
[EventDate "2006.10.21"]

1. d4 Nf6 2. c4 g6 3. g3 Bg7 4. Bg2 O-O 5. Nf3 d6 6. O-O Nbd7 7. Nc3 e5 8. d5
Nh5 9. e4 a6 10. Bg5 Qe8 11. Qd2 f5 12. Bh6 f4 13. Bxg7 Nxg7 14. Bh3 h6 15.
gxf4 Rxf4 16. Ne1 g5 17. Ng2 Qh5 18. Nxf4 exf4 19. Bxd7 Bxd7 20. f3 Bh3 21. Rf2
Re8 22. Kh1 Qh4 23. Rg1 Nh5 24. Rfg2 Bxg2+ 25. Rxg2 Ng3+ 26. Kg1 Nf5 27. Rg4
Qh3 28. Qxf4 Re5 29. Kf2 Nh4 30. Qg3 Qxg3+ 31. hxg3 h5 32. f4 hxg4 33. fxe5 Ng6
34. e6 Ne5 35. b3 c6 36. Nd1 c5 37. Ne3 Kf8 38. Nf5 Nd3+ 39. Ke3 Nc1 40. Nxd6
1-0

[Event "XXVIII Festival A"]
[Site "Arco ITA"]
[Date "2006.10.25"]
[Round "5"]
[White "Wohl, Aleksandar H."]
[Black "Schrott, Ernst"]
[Result "1-0"]
[WhiteElo "2427"]
[BlackElo "2070"]
[PlyCount "61"]
[EventDate "2006.10.21"]

1. e4 c5 2. Nf3 Nc6 3. d4 cxd4 4. Nxd4 Nf6 5. Nc3 d6 6. Bc4 e6 7. Be3 a6 8. Qe2
Be7 9. O-O-O Qc7 10. Bb3 O-O 11. g4 b5 12. g5 Nd7 13. Nd5 exd5 14. Nxc6 Qxc6
15. Bxd5 Qc7 16. Bxa8 Ne5 17. h3 Qa5 18. Bd5 Nc4 19. Kb1 Qb4 20. c3 Qa5 21.
Bxc4 bxc4 22. Qxc4 Be6 23. Rd5 Bxd5 24. Qxd5 Qc7 25. Bd4 Rb8 26. c4 a5 27. e5
a4 28. e6 fxe6 29. Qxe6+ Kh8 30. Qf7 Rg8 31. Re1 1-0

[Event "XXVIII Festival A"]
[Site "Arco ITA"]
[Date "2006.10.26"]
[Round "6"]
[White "Aagaard, Jacob"]
[Black "Teske, Henrik"]
[Result "1/2-1/2"]
[WhiteElo "2464"]
[BlackElo "2514"]
[PlyCount "44"]
[EventDate "2006.10.21"]

1. e4 e5 2. Nf3 Nf6 3. Nxe5 d6 4. Nf3 Nxe4 5. d4 d5 6. Bd3 Nc6 7. O-O Be7 8. c4
Nb4 9. cxd5 Nxd3 10. Qxd3 Qxd5 11. Re1 Bf5 12. g4 Bg6 13. Nc3 Nxc3 14. Qxc3 Rd8
15. b3 c5 16. dxc5 f6 17. Bf4 Kf7 18. Rac1 Rhe8 19. c6 bxc6 20. Qxc6 Qxc6 21.
Rxc6 Rd7 22. Kg2 Red8 1/2-1/2

[Event "XXVIII Festival A"]
[Site "Arco ITA"]
[Date "2006.10.26"]
[Round "6"]
[White "Ager, Josef"]
[Black "Bernardi, Ruben"]
[Result "1/2-1/2"]
[WhiteElo "2196"]
[BlackElo "2114"]
[PlyCount "61"]
[EventDate "2006.10.21"]

1. Nf3 d5 2. g3 c6 3. Bg2 Nf6 4. O-O Bf5 5. d3 Nbd7 6. Nc3 h6 7. Nd2 e5 8. e4
Be6 9. Qe2 Qb6 10. a3 O-O-O 11. b4 Qd4 12. Bb2 dxe4 13. Ndxe4 Nxe4 14. Bxe4 Bh3
15. Rfe1 f6 16. Rab1 Qd6 17. b5 Kc7 18. bxc6 bxc6 19. Na4 Nb6 20. Nxb6 axb6 21.
d4 exd4 22. Qa6 Rb8 23. c3 Bc8 24. Qd3 dxc3 25. Qxc3 Bb7 26. Rbd1 Qc5 27. Qb3
Rd8 28. Rc1 Qh5 29. Bf3 Qf5 30. Be4 Qh5 31. Bf3 1/2-1/2

[Event "XXVIII Festival A"]
[Site "Arco ITA"]
[Date "2006.10.26"]
[Round "6"]
[White "Antoniacci, Riccardo"]
[Black "Pichler, Klaus"]
[Result "1/2-1/2"]
[WhiteElo "1969"]
[BlackElo "1596"]
[PlyCount "46"]
[EventDate "2006.10.21"]

1. d4 Nf6 2. Bg5 d5 3. e3 Bf5 4. c4 c6 5. Nc3 Nbd7 6. Nf3 e6 7. cxd5 exd5 8.
Bd3 Bxd3 9. Qxd3 Bb4 10. Ne5 Bxc3+ 11. bxc3 Qc7 12. Nxd7 Nxd7 13. Bf4 Qd8 14.
Bd6 Nb6 15. Bc5 Nc4 16. a4 b6 17. Bb4 Qg5 18. O-O f5 19. Ba3 Kf7 20. Bc1 Qg6
21. f3 Rhe8 22. e4 fxe4 23. fxe4+ Kg8 1/2-1/2

[Event "XXVIII Festival A"]
[Site "Arco ITA"]
[Date "2006.10.26"]
[Round "6"]
[White "Astengo, Corrado"]
[Black "Cottarelli, Franco"]
[Result "1/2-1/2"]
[WhiteElo "2128"]
[BlackElo "1958"]
[PlyCount "56"]
[EventDate "2006.10.21"]

1. e4 c6 2. d4 d5 3. Nd2 dxe4 4. Nxe4 Bf5 5. Ng3 Bg6 6. h4 h6 7. Nf3 Nd7 8. h5
Bh7 9. Bd3 Bxd3 10. Qxd3 Ngf6 11. Bd2 e6 12. Qe2 Qc7 13. c4 O-O-O 14. O-O-O c5
15. Ne5 Nxe5 16. dxe5 Nd7 17. f4 Qc6 18. Rhe1 Nb6 19. Ba5 Be7 20. Ne4 Rd4 21.
Rxd4 cxd4 22. Bxb6 Qxb6 23. Kb1 Kb8 24. Rd1 Rd8 25. Qd3 Qc6 26. g4 b6 27. a3 a6
28. Nd2 Qg2 1/2-1/2